| 000 -CABECERA |
| Longitud fija campo de control |
00716nam a22002057a 4500 |
| 003 - IDENTIFICADOR DEL NÚMERO DE CONTROL |
| Identificador del número de control |
OSt |
| 005 - FECHA Y HORA DE LA ÚLTIMA TRANSACCIÓN |
| Fecha y hora de la última transacción |
20130613121030.0 |
| 008 - CÓDIGOS DE INFORMACIÓN DE LONGITUD FIJA |
| Códigos de información de longitud fija |
130613s2010 sp ||||| |||| 00| 0 gag d |
| 020 ## - NÚMERO INTERNACIONAL NORMALIZADO PARA LIBROS |
| Número Internacional Normalizado para Libros (ISBN) |
9788461417063 |
| 040 ## - FUENTE DE LA CATALOGACIÓN |
| Centro transcriptor |
CDMR |
| 245 ## - MENCIÓN DE TÍTULO |
| Título |
Claves para unha información non sexista |
| Mención de responsabilidad, etc. |
Luís Álvarez Pousa, Belén Puñal Rama (coord.) |
| 260 ## - PUBLICACIÓN, DISTRIBUCIÓN, ETC. (PIE DE IMPRENTA) |
| Lugar de publicación, distribución, etc. |
Santiago de Compostela |
| Nombre del editor, distribuidor, etc. |
Atlántica de Información e Comunicación de Galicia |
| Fecha de publicación, distribución, etc. |
2010 |
| 300 ## - DESCRIPCIÓN FÍSICA |
| Extensión |
209 p. |
| 650 04 - PUNTO DE ACCESO ADICIONAL DE MATERIA - TÉRMINO DE MATERIA |
| 9 (RLIN) |
3768 |
| Término de materia o nombre geográfico como elemento inicial |
Sexisme en el llenguatge |
| 650 04 - PUNTO DE ACCESO ADICIONAL DE MATERIA - TÉRMINO DE MATERIA |
| 9 (RLIN) |
3769 |
| Término de materia o nombre geográfico como elemento inicial |
Sexisme en els mitjans de comunicació de massa |
| 650 04 - PUNTO DE ACCESO ADICIONAL DE MATERIA - TÉRMINO DE MATERIA |
| 9 (RLIN) |
3158 |
| Término de materia o nombre geográfico como elemento inicial |
Periodisme i llenguatge |
| 700 1# - PUNTO DE ACCESO ADICIONAL - NOMBRE DE PERSONA |
| 9 (RLIN) |
3766 |
| Nombre de persona |
Álvarez Pousa, Luís |
| 700 1# - PUNTO DE ACCESO ADICIONAL - NOMBRE DE PERSONA |
| 9 (RLIN) |
3767 |
| Nombre de persona |
Puñal Rama, Belén |
| Término indicativo de función |
coord. |
| 942 ## - ENTRADA DE ELEMENTOS AGREGADOS (KOHA) |
| Fuente de clasificaión o esquema |
|
| Koha [por defecto] tipo de item |
Monografies |